Aristóteles (Record no. 44922)

MARC details
000 -Etiqueta do registo
Valores 00574nam a2200205 4500
100 ## - Dados gerais de processamento
Dados gerais 20251010 pory50
101 ## - Língua de publicação
Língua por
102 ## - País de publicação
País PT
200 ## - Titulo e menção de responsabilidade
Título próprio Aristóteles
Informação de outro título vida , pensamento e obra
Primeira menção de responsabilidade Frederick Copleston
Outras menções de responsabilidade versão port. João quina edições
-- trad. Maria da graça Pinhão
210 ## - Publicação
Local de publicação [S.l.]
Nome do editor Planeta DeAgostini
-- dist. Público
Data de publicação [D.L. 2008]
215 ## - Descrição física 
Paginação / Volumes 383 p.
Outras indicações físicas il.
225 ## - Colecção 
Título próprio da colecção Grandes Pensadores
Indicação de volume 2
600 ## - Nome de pessoa usado como assunto
Apelido Aristóteles
675 ## - CDU
Notação 008
675 ## - CDU
Notação 929
675 ## - CDU
Notação 1
801 ## - Fonte de origem
País PT
Regras de catalogação RPC
990 ## - Elementos KOHA
Tipo de documento Livro
Holdings
Aquisição Empréstimo Código de barras Cota Permissão de empréstimo Tipo de documento
Biblioteca Municipal de Redondo Biblioteca Municipal de Redondo 055232 008 GRA Consulta presencial Livro

Powered by Koha